000 00502nam a2200181Ia 4500
005 20250326123546.0
008 250326s9999 xx 000 0 und d
037 _aTextbook
040 _aFMSL
_beng
_cFMSL
041 _aeng
_2eng
084 _aB2893P L0;1
_qFMSL
100 _aMoore P G
245 0 _aProgramming for optimal decisions
_cMoore P G; Hodges Sd
260 _aUSA
_bUSA, Penguin Books
_c1970
300 _a356p
942 _cTB
_hB2893P L0;1
999 _c1269918
_d1269918